| 000 | 00359cam a2200145ua 4500 | ||
|---|---|---|---|
| 003 | OSt | ||
| 008 | 240115b |||||||| |||| 00| 0 eng d | ||
| 041 | _amal | ||
| 082 |
_a894.8121 _bCKP/AM |
||
| 100 |
_aC K P, . _95746 |
||
| 245 | _aAmruth veechi / | ||
| 260 |
_aTrivandrum : _bSri Ramavilasam Press & Book Depot , _c1962. |
||
| 300 | _a78 ; . | ||
| 942 | _cBK | ||
| 999 |
_c4927 _d4927 |
||